| 000 | 00737nam a22002417a 4500 | ||
|---|---|---|---|
| 005 | 20220117154655.0 | ||
| 008 | 220117b ||||| |||| 00| 0 eng d | ||
| 040 | _cAL | ||
| 041 | _aeng | ||
| 082 |
_223 _a354.420 _bJOHI |
||
| 100 |
_aAlexander Johnston _913441 |
||
| 245 | _aInland Revenue | ||
| 260 |
_aLondon: _bGeorge Allen & Unwin Ltd _c1965 |
||
| 300 |
_a201 p. _bHB _c22x14 cm. |
||
| 440 |
_aThe New Whitehall Series No.13 _913442 |
||
| 650 |
_aGreat Britain Board of Inland Revenue _913443 |
||
| 650 |
_aDevelopment of the Taxes _913444 |
||
| 650 |
_aStaffing of the Department _913445 |
||
| 650 |
_aChief Inspectors Branch _913446 |
||
| 650 |
_aStamps _913447 |
||
| 700 |
_aJOHNSTON (Alexander) _913448 |
||
| 942 |
_2ddc _cGF |
||
| 999 |
_c221212 _d221212 |
||